000 00587nam a2200169 a 4500
008 120416s1995 ||||||||||||||||| || u
020 _a0070549001
050 _aQA 276.12 San
100 _aSanders, Donald H
245 1 0 _aStatistics: a first course. (5th ed.)
250 _a5th ed.
260 _aNew York:
_bMcGraw-Hill
_c1995
300 _axx, 676p. : ill
350 _a0.00
650 _aSTATISTICS--HANDBOOKS, MANUALS, ETC
995 _D0.00
_FCBU-MAIN LIBRARY (Kitwe)
_H1
_I33.95
_M1
_ULOST
_ZMain Library Open Access Collection
999 _c58343
_d58343